Representaciones contemporáneas de la esclavitud en las mujeres afrocostarricenses: desde sus propias voces = Contemporary representations of slavery in afro-costarican women : from their own voices /
El estudio comprende las formas contemporáneas en que la esclavitud como mentalidad se reproduce en el imaginario social costarricense, a partir de lo cual se continúan dando acciones concretas de discriminación y opresión por el género y la raza hacia las mujeres afrocostarriceses; asimismo, se ret...
Kaydedildi:
| Yazar: | |
|---|---|
| Materyal Türü: | Metin |
| Konular: | |
| Etiketler: |
Etiketle
Etiket eklenmemiş, İlk siz ekleyin!
|
MARC
| LEADER | 00000 a a2200000 04500 | ||
|---|---|---|---|
| 001 | 42074 | ||
| 003 | |||
| 040 | |||
| 100 | |a Castro Carmiol, Evelyn | ||
| 245 | |a Representaciones contemporáneas de la esclavitud en las mujeres afrocostarricenses: desde sus propias voces = |b Contemporary representations of slavery in afro-costarican women : from their own voices / |c Evelyn Castro Carmiol | ||
| 500 | |a evelyncastrocar@yahoo.com | ||
| 520 | |a El estudio comprende las formas contemporáneas en que la esclavitud como mentalidad se reproduce en el imaginario social costarricense, a partir de lo cual se continúan dando acciones concretas de discriminación y opresión por el género y la raza hacia las mujeres afrocostarriceses; asimismo, se retoman las diferencias estrategias que ellas utilizan para resistirse, relacionando su situación actual con las vivencias de sus ancestros. | ||
| 590 | |a RRA/NOVIEMBRE2011 | ||
| 650 | |a 1.DISCRIMINACION RACIAL | ||
| 650 | |a 2.MUJERES | ||
| 650 | |a 3.NEGRAS | ||
| 650 | |a 4.ESCLAVITUD | ||
| 650 | |a 5.COSTA RICA | ||
| 773 | |g número126 ( , 2009), páginas 89-103 | ||
| 999 | |c 33843 |d 33843 | ||
| 773 | 0 | |0 18728 |9 3019 |a Universidad de Costa Rica |d San José, Costa Rica Editorial UCR 1956- |o 12516 |t Revista de Ciencias Sociales/ |x 04825276 | |
